Icon Squads- das beste Team aller Zeiten #2 Borussia Dortmund - Statistiken

Allgemein
  • Dieses Quiz wurde 27 mal gespielt
  • Das Durchschnittsergebnis liegt bei 16 aus 30
Antwortstatistiken
Position Nationalität für Dortmund aktiv Alter Antwort % Korrekt
Offensives Mittelfeld Deutschland 2012-2024 36 Marco Reus
100%
Mittelstürmer Polen 2010-2014 37 Robert Lewandowski
100%
Innenverteidiger Deutschland 2008-2009,2009-2016, 2019-2024 37 Mats Hummels
96%
Defensives Mittelfeld Türkei 2001-2011; 2013-2018 37 Nuri Sahin
96%
Torwart Deutschland 2002-2018 45 Roman Weidenfeller
96%
Defensives Mittelfeld Deutschland 2002-2015 46 Sebastian Kehl
96%
Offensives Mittelfeld Japan 2010-2012; 2014-2019 37 Shinji Kagawa
92%
Innenverteidiger Serbien 2008-2018 37 Neven Subotic
88%
Rechtsaußen Polen 2007-2016 40 Jakub Błaszczykowski
80%
Rechtsverteidiger Polen 2010-2021 40 Lukasz Piszczek
76%
Innenverteidiger Deutschland 1995-2002 60 Jürgen Kohler
68%
Linksverteidiger Brasilien 1998-2011 48 Dede
64%
Libero Deutschland 1993-1998 58 Matthias Sammer
64%
Offensives Mittelfeld Deutschland 1993-2008 49 Lars Ricken
60%
Zentrales Mittelfeld Deutschland 2011-2016 35 ilkay Gündogan
52%
Offensives Mittelfeld Deutschland 1988-1990; 1994-2000 58 Andreas Möller
48%
Mittelstürmer Schweiz 1991-1999 56 Stephane Chapuisat
48%
Defensives Mittelfeld Deutschland 1979-1998 63 Michael Zorc
44%
Torwart Deutschland 1988-1998 54 Stefan Klos
40%
Offensives Mittelfeld Deutschland 1976-1983 †69 Manfred Burgsmüller
36%
Mittelstürmer Deutschland 1993-1997 60 Karl Heinz Riedle
32%
Linksaußen Deutschland 1960-1969 †61 Lothar Emmerich
32%
Rechtes Mittelfeld Deutschland 1992- 2004 59 Stefan Reuter
28%
Rechtsaußen Deutschland 1965-1968 †52 Stan Libuda
24%
Offensives Mittelfeld Deutschland 1955-1968 †81 Aki Schmidt
20%
Torwart Deutschland 1962-1967 84 Hans Tilkowski
20%
Mittelstürmer Deutschland 1958-1965 †73 Timo Konietzka
16%
Hängende Spitze Deutschland 1946-1950; 1952-1959 †82 Adi Preißler
12%
Rechtsaußen Deutschland 1980-1983 70 Rüdiger Abramczik
0%
Libero Deutschland 1961-1971 86 Wolfgang Paul
0%
Keine übereinstimmenden Quizze gefunden
Verteilung der Resultate
Anzahl Personen mit jedem Resultat
Perzentil nach korrekt beantworteten Fragen
Ihre Resultats-Entwicklung
Sie haben dieses Quiz noch nicht gespielt